20 Largest cities in India - Statistics

General Stats
  • This quiz has been taken 34 times
  • The average score is 12 of 20
Answer Stats
Population Answer % Correct
8,443,675 Bengaluru
100%
4,646,732 Chennai
100%
4,496,694 Kolkata
100%
12,442,373 Mumbai
100%
5,577,940 Ahmedabad
96%
11,034,555 Delhi
96%
6,993,262 Hyderabad
96%
3,046,163 Jaipur
78%
3,124,458 Pune
74%
4,467,797 Surat
70%
2,817,105 Lucknow
61%
2,405,665 Nagpur
52%
1,798,218 Bhopal
43%
2,765,348 Kanpur
39%
1,684,222 Patna
39%
1,964,086 Indore
35%
1,728,128 Visakhapatnam
22%
1,670,806 Vadodara
13%
1,841,488 Thane
9%
1,727,692 Pimpri-Chinchwad
0%
No matching quizzes found
Score Distribution
Percent of People with Each Score
Percentile by Number Answered
Your Score History
You have not taken this quiz